Русско-китайские отношения в XIX веке. Т. 1: 1803-1807 (Запись № 10915968)
[ простой вид ]
| 000 -МАРКЕР | |
|---|---|
| контрольное поле | 02449nam2a2200313 4500 |
| 001 - ИДЕНТИФИКАТОР ЗАПИСИ | |
| контрольное поле | RU\NLR\BIBL_A\012217664 |
| 005 - ИДЕНТИФИКАТОР ВЕРСИИ | |
| контрольное поле | 20260415135059.0 |
| 010 ## - МЕЖДУНАРОДНЫЙ СТАНДАРТНЫЙ НОМЕР КНИГИ (ISBN) | |
| Номер (ISBN) | 5-88451-029-2 |
| Уточнения | (в пер.) |
| Цена | б.ц. |
| Тираж | 500 |
| 021 ## - НОМЕР ГОСУДАРСТВЕННОЙ РЕГИСТРАЦИИ | |
| Код страны | Российская Федерация |
| Номер | 96-8536 |
| 035 ## - ДРУГИЕ СИСТЕМНЫЕ НОМЕРА | |
| Идентификатор записи | (NLR Aleph) 012217664 |
| 100 ## - ДАННЫЕ ОБЩЕЙ ОБРАБОТКИ | |
| Данные общей обработки | 20200212d1995 k y0rusy50 ca |
| 101 0# - ЯЗЫК РЕСУРСА | |
| Язык текста, звукозаписи и т.д. | русский |
| 102 ## - СТРАНА ПУБЛИКАЦИИ ИЛИ ПРОИЗВОДСТВА | |
| Страна публикации | Российская Федерация |
| 105 ## - ПОЛЕ КОДИРОВАННЫХ ДАННЫХ: ТЕКСТОВЫЕ МАТЕРИАЛЫ, МОНОГРАФИЧЕСКИЕ | |
| Кодированные данные о монографическом текстовом документе | ah z|||||1|| |
| 200 0# - ЗАГЛАВИЕ И СВЕДЕНИЯ ОБ ОТВЕТСТВЕННОСТИ | |
| Основное заглавие | 1803-1807 |
| Сведения, относящиеся к заглавию | [о посольстве Ю. А. Головкина в Цинскую империю] |
| Первые сведения об ответственности | [редактор: академик В.С. Мясников] |
| 210 ## - ПУБЛИКАЦИЯ, РАСПРОСТРАНЕНИЕ И ДР. | |
| Дата издания, распространения и т.д. | 1995 |
| 215 ## - ФИЗИЧЕСКАЯ ХАРАКТЕРИСТИКА | |
| Специфическое обозначение материала и объем | 1019, [2] с. |
| Другие сведения о физической характеристике | ил., факс. |
| 320 ## - ПРИМЕЧАНИЯ О НАЛИЧИИ В ДОКУМЕНТЕ БИБЛИОГРАФИИ / УКАЗАТЕЛЯ | |
| Текст примечания | Библиогр. в примечаниях в тексте |
| 320 ## - ПРИМЕЧАНИЯ О НАЛИЧИИ В ДОКУМЕНТЕ БИБЛИОГРАФИИ / УКАЗАТЕЛЯ | |
| Текст примечания | Именной и географический указатели: с. 959-992 |
| 327 1# - ПРИМЕЧАНИЯ О СОДЕРЖАНИИ | |
| Текст примечания | Из приложения: Ю. А. Головкин: биографический очерк |
| 461 #0 - УРОВЕНЬ НАБОРА | |
| Встроенное поле | 001RU\NLR\BIBL_A\012217657 |
| -- | 2001#$aРусско-китайские отношения в XIX веке$eдокументы и материалы$fРосcийская академия наук. Институт Дальнего Востока, Министерство иностранных дел РФ. Историко-документальное управление$g[составители М. Б. Давыдова и др.]$vТ. 1 |
| Системный номер (АБИС) связанной записи | 10915929 |
| Место публикации | Москва |
| Дата публикации | 1995 |
| Первые сведения об ответственности | Росcийская академия наук. Институтт Дальнего Востока, Министерство иностранных дел РФ. Историко-документальное управление |
| Имя издателя, распространителя и т.д. | Памятники исторической мысли |
| Сведения, относящиеся к заглавию | документы и материалы |
| Заглавие | Русско-китайские отношения в XIX веке |
| ISBN | 5-88451-032-2 |
| Номер тома | Т. 1 |
| 464 #0 - АНАЛИТИЧЕСКИЙ УРОВЕНЬ | |
| Встроенное поле | 2001#$aЮ. А. Головкин$eбиографический очерк |
| -- | 5401#$aГоловкин Юрий Александрович |
| -- | 702#1$aГоловкин$bЮ.А.$f1762-1846$gЮрий Александрович$3RU\NLR\AUTH\770178232 |
| Заглавие | Ю. А. Головкин |
| 517 1# - ДРУГИЕ ВАРИАНТЫ ЗАГЛАВИЯ | |
| Вариант заглавия | О посольстве Ю. А. Головкина в Цинскую империю |
| 702 #1 - ИМЯ ЛИЦА - ВТОРИЧНАЯ ОТВЕТСТВЕННОСТЬ | |
| Код отношения | Редактор |
| Графика поля | Кириллица |
| Материалы, к которым относится поле | rus |
| Начальный элемент ввода | Мясников |
| Часть имени, кроме начального элемента ввода | В. С. |
| Даты | 1931- |
| Расширение инициалов личного имени | Владимир Степанович |
| Системный номер авторитетной/нормативной записи | 1294 |
| Идентификатор авторитетной/нормативной записи | RU\NLR\AUTH\7718213 |
| 852 ## - МЕСТОНАХОЖДЕНИЕ И ШИФР ХРАНЕНИЯ | |
| Идентификатор организации | NLR |
| Шифр хранения (Call Number) | 96-7/604 |
| 942 ## - ДОПОЛНИТЕЛЬНЫЕ ЭЛЕМЕНТЫ ЗАПИСИ (АБИС) | |
| Тип экземпляра АБИС | Книга |
| 980 ## - КОЛЛЕКЦИЯ | |
| Название коллекции | Национальная библиография |
Нет доступных экземпляров.